header

Manhood factories (Record no. 81686)

MARC details
000 -LEADER
fixed length control field 01554nam a2200361Ia 4500
082 04 - DEWEY DECIMAL CLASSIFICATION NUMBER
Classification number 726/.9
100 1# - MAIN ENTRY--AUTHOR NAME
Personal name Lupkin, Paula.
245 10 - TITLE STATEMENT
Title Manhood factories
260 ## - PUBLICATION, DISTRIBUTION, ETC. (IMPRINT)
Place of publication Minneapolis :
Name of publisher University of Minnesota Press,
Year of publication 2010.
300 ## - PHYSICAL DESCRIPTION
Number of Pages xxiv, 253 p. :
Other physical details ill.
490 1# - SERIES STATEMENT
Series statement Architecture, landscape, and American culture series
650 #0 - SUBJECT ADDED ENTRY--TOPICAL TERM
Topical Term Young Men's Christian associations
Topical Term Architecture
Topical Term Architecture and society
Topical Term Space (Architecture)
856 40 - ELECTRONIC LOCATION AND ACCESS
Uniform Resource Identifier http://site.ebrary.com/lib/rucke/Doc?id=10404177

No items available.

© 2026 Rongo University
Contact us: librarian | system librarian | Rongo university